La sola scriptura : (Registro nro. 59718)
[ vista simple ]
| 000 -LÍDER | |
|---|---|
| Campo fijo de descripción fija | 00986aab a2200217 4500 |
| 001 - NÚMERO DE CONTROL | |
| Campo de control | 768714001 |
| 003 - IDENTIFICADOR DEL NÚMERO DE CONTROL | |
| Campo de control | CO-MdFUSB |
| 005 - FECHA Y HORA DE LA ULTIMA TRANSACCIÓN | |
| control field | 20240612164743.0 |
| 008 - ELEMENTOS DE LONGITUD FIJA -- INFORMACIÓN GENERAL | |
| Campo fijo de descripción fija -- Información general | 170522s1999 cr ||||| |||| 00| 0 spa d |
| 022 ## - NÚMERO INTERNACIONAL NORMALIZADO PARA PUBLICACIONES SERIADAS | |
| Número Internacional Normalizado para Publicaciones Seriadas | 1409-1968 |
| 040 ## - FUENTE DE CATALOGACIÓN | |
| Agencia Catalogadora | CO-MdFUSB |
| Idioma de catalogación | spa |
| Agencia que realiza la transcripción | CO-MdFUSB |
| Agencia que realiza la modificación | CO-MdFUSB |
| 041 ## - CÓDIGO DE IDIOMA | |
| Código de idioma para texto/pista de sonido o título separado | spa |
| 100 1# - ASIENTO PRINCIPAL--NOMBRE PERSONAL | |
| Nombre personal | Segura Carmona, Harold |
| Término relacionador | autor |
| 245 13 - TÍTULO | |
| Título | La sola scriptura : |
| Subtitulo | primera y gran herencia de Lutero |
| Mención de responsabilidad | / Harold Segura Carmona, |
| 300 ## - DESCRIPCIÓN FÍSICA | |
| Extensión | Volumen 16. Número 3 (1999), páginas 46-50 |
| Dimensiones | : 27 cm. |
| 520 ## - NOTA DE RESUMEN, ETC. | |
| Nota de sumario, etc. | La Reforma del Siglo XVI para la iglesia de Siglo XXI.<br/>El principio de Sola Scriptura entrañaba la convicción de ser ella la fuente de revelación, de gracia, de fe, de justificación, de santificación, de salvación, de vida cristiana, de organización eclesiástica, etc. |
| 653 ## - TÉRMINO DE INDIZACIÓN - NO CONTROLADO | |
| Término no controlado | Sola Scriptura |
| 773 0# - ASIENTO DE ITEM FUENTE | |
| Título | Apuntes Pastorales |
| Biblionumber | 49442 |
| Itemnumber | 60165 |
| Parte(s) relacionada(s) / Volumen., número. (mes año), páginas | Volumen 16. número 3. (abr. - jun., 1999), páginas 46-50 |
| Enumeración y primera página | Página 46 |
| 942 ## - TIPO DE MATERIAL (KOHA) | |
| Tipo de Item KOHA | Artículos de Revista |
| 945 ## - INFORMACIÓN LOCAL DEL REGISTRO | |
| Catalogador | JTF-925 |
No hay ítems disponibles.
